| 000 | 01031cam a22003015a 4500 | ||
|---|---|---|---|
| 001 | 16099486 | ||
| 005 | 20161221194020.0 | ||
| 008 | 100222s2010 enka frb 001 0 eng d | ||
| 010 | _a 2010003984 | ||
| 020 | _a9788126551255 | ||
| 020 | _a8126551259 | ||
| 040 |
_aDLC _beng _cDLC _dDLC _dEG-ScBUE |
||
| 042 | _apcc | ||
| 082 | 0 | 4 |
_222 _a681.2 _bDAR |
| 100 | 1 |
_aDargie, Waltenegus‏ _941739 |
|
| 245 | 1 | 0 |
_aFundamentals of wireless sensor networks : _btheory and practice / _cWaltenegus Dargie, Christian Poellabauer. |
| 260 |
_aNew Delhi : _bWiley India Pvt. Ltd. / John Wiley & Sons Ltd., _cc.2010. |
||
| 300 |
_axviii, 311 p. : _bill. ; _c25 cm. |
||
| 490 | 0 | _aWiley series on wireless communications and mobile computing | |
| 500 | _aIndex : p. 303-311. | ||
| 504 | _aIncludes bibliographical references. | ||
| 590 | _aWessam | ||
| 650 | 7 |
_aWireless sensor networks _2BUEsh _941741 |
|
| 651 | _2BUEsh | ||
| 653 |
_bENGELC _cDecember2016 |
||
| 700 | 1 |
_aPoellabauer, Christian. _941740 |
|
| 942 |
_2ddc _e22 _k681.2 DAR |
||
| 999 |
_c23688 _d23660 |
||